000 01241nam a2200277 4500
001 0000021160
003 CO-CtgCURN
005 20250516163914.0
008 160627s2004 000 0 eng d
020 _a9586905667
040 _aCO-CtgCURN
_bspa
_ccoctgcurn
082 0 _a347.9
_bC15a
100 1 _aCamargo de la Torre, Pedro Pablo.
245 1 4 _aLas acciones populares y de grupo :
_bguia practica de la Ley 472 de 1998 /
_cPedro Pablo Camargo.
250 _a4a ed.
260 _aBogotá :
_bLeyer,
_c2004.
300 _aviii, 566 p.
336 _2rdacontent
337 _2rdamedia
_asin mediacion
_bn
338 _2rdacarrier
_avolumen
_bnc
505 8 _aOrigen y desarrollo de las acciones populares y de grupo.--El tramite de la ley 472 de 1998.--Diferencia entre acciones populares y de grupo.--Derecho de intereses colecctivos.--Los derechos e intereses colectivos amparados por Acción popular.--El regimen procesal de las acciones populares.--Los regimen sustantivo y procesal de la Acción de grupo.--El regimen procesal de las acciones de grupo
650 0 _aExcepciones legales.
908 _a160627
942 _cBK
_h347.9
_iC15a
_2ddc
_n0
999 _c1440
_d1440